000 01050cam a22003253a 4500
001 25630
003 PGUSA
005 20140828083542.0
008 080528s2008||||xxu|||||s|||||000 1 eng d
040 _aPGUSA
_beng
042 _adc
050 4 _aPZ
100 1 _aRaymond, Evelyn,
_d1843-1910
245 1 0 _aDorothy's Travels
_h[electronic resource] /
_cEvelyn Raymond
260 _bProject Gutenberg,
_c2008
506 _aPublic domain in the USA.
516 _aElectronic text
653 _aYoung women -- Social life and customs -- Juvenile fiction
653 _aOcean travel -- Juvenile fiction
653 _aMusicians -- Juvenile fiction
653 _aGirls -- Juvenile fiction
653 _aChester, Dorothy (Fictitious character) -- Juvenile fiction
653 _aFoundlings -- Juvenile fiction
653 _aTravel -- Juvenile fiction
653 _aBoats and boating -- Juvenile fiction
700 1 _aSchneider, S.
830 0 _aProject Gutenberg
_v25630
856 4 0 _uhttp://www.gutenberg.org/ebooks/25630
942 _cEB
999 _c254885
_d254885